| 000 | 00787nam a22002297a 4500 | ||
|---|---|---|---|
| 003 | BUBTL | ||
| 008 | 220308b ||||| |||| 00| 0 eng d | ||
| 020 | _a9780077355463 | ||
| 082 | _a650/ N536u/ 2010 | ||
| 100 |
_93195 _aNickels, William G. |
||
| 245 |
_aUnderstanding Business / _c William G. Nickels, James M. McHugh, Susan M. McHugh |
||
| 250 | _a9th Edn. | ||
| 260 |
_aNew Delhi _bMcGraw Hill Education( India) Private Limited _cc2010 |
||
| 300 |
_axliii, 569p.: _c28 cm. |
||
| 505 | _aUnderstanding Business, William G. Nickels, James M. McHugh, Susan M. McHugh | ||
| 650 | 0 |
_961 _aBusiness |
|
| 700 |
_94530 _aMcHugh, James M. |
||
| 700 |
_94531 _a McHugh, Susan M. |
||
| 856 |
_k0 _l0 _yDownload |
||
| 942 |
_2ddc _cBK |
||
| 999 |
_c6663 _d6663 |
||